LEADER 01124nam0-2200385---450- 001 990001093320203316 005 20050422111348.0 035 $a000109332 035 $aUSA01000109332 035 $a(ALEPH)000109332USA01 035 $a000109332 100 $a20021028d1977----||ita|01 ba 101 $aita 102 $aIT 105 $aa|||z|||001yy 200 1 $aAlberto Lattuada$fGiuseppe Turroni 210 $aMilano$cMoizzi$d1977 215 $a96 p.$cill.$d22 cm 225 2 $aContemporanea cinema$v9 410 1$12001$aContemporanea cinema$v9 606 1$aLattuada,$bAlberto 676 $a791.43 700 1$aTURRONI,$bGiuseppe$0529287 801 0$aIT$bBNCF$c19950412 912 $a990001093320203316 951 $aXIII.2. 230(XVI B COLL 7/9)$b139269 LM$cXVI B$d00083172 959 $aBK 969 $aUMA 979 $aCHIARA$b90$c20021028$lUSA01$h1334 979 $aCHIARA$b90$c20021028$lUSA01$h1335 979 $aCHIARA$b90$c20021028$lUSA01$h1340 979 $aPATRY$b90$c20040406$lUSA01$h1716 979 $aCOPAT5$b90$c20050422$lUSA01$h1113 996 $aAlberto Lattuada$9978226 997 $aUNISA